01090nam a2200265Ia 4500003000400000005001700004008004100021020001800062040001800080041000800098082002000106100002800126245016900154250001200323260005200335300002900387650006600416650004000482650002100522700003100543700003400574942002900608999001900637952016800656OSt20260130150927.0210716s2010 xx 000 0 und d a9788184245776 cAIMIT LIBRARY aeng a338.1 21bDATS aDatta, Samar K.9253326 aTowards evolving an agricultural policy matrix in a federal structure- the post-WTO scenario in India /cBy Samar K Datta, Rahul Nilakantan and Milindo Chakrabarti. a1st ed. aNew Delhi :bAllied Publishers Pvt Ltd ,c2010. axii,239p. ;bPBc25.2 cm aAgreement on agriculture and other related agreements9253327 aSummary and recommendations9253328 aEpilogue9253329 aNilakantan, Rahul.9253330 aChakrabarti, Milindo.9253331 2ddccBKe1stk338.1 DATS c192633d192633 00102ddc40708MCAaAIMITbAIMITeKnowledge Worldg720.00iBill no:1349; Bill dt:2012-10-01l0o338.1 DATSpMCA12141r2025-07-21 00:00:00v540.00w2021-07-16yBK